Essential business grammar & practice /

Hlavní autor: Duckworth, Michael
Jazyk: Angličtina
Vydáno: Oxford : Oxford University Press, 2006
Vydání: 1st publ.
Edice: Oxford business English
Témata:
Fyzický popis: 200 s. : il.
Knihy
Uloženo v:
LEADER 01480nam a2200409za 4500
001 000999664
003 CZ BrMZK
005 20200422150020.0
007 ta
008 061113s2006 enka|||erp||||||||||engod
020 |a 0194576256  |q (brož.) 
040 |a BOA001  |b cze 
072 7 |a 811.111  |x Angličtina  |2 Konspekt  |9 11 
072 7 |a 37.016  |x Učební osnovy. Vyučovací předměty. Učebnice  |2 Konspekt  |9 22 
080 |a 811.111  |2 MRF 
080 |a 339  |2 MRF 
080 |a 81'373.46  |2 MRF 
080 |a 81'36  |2 MRF 
080 |a (07.062)81  |2 MRF 
100 1 |a Duckworth, Michael  |7 xx0015725  |4 aut 
245 1 0 |a Essential business grammar & practice /  |c Michael Duckworth 
250 |a 1st publ. 
260 |a Oxford :  |b Oxford University Press,  |c 2006 
300 |a 200 s. :  |b il. 
490 1 |a Oxford business English 
500 |a Na obálce podnázev Elementary to pre-intermediate 
650 0 7 |a angličtina  |7 ph114056  |2 czenas 
650 0 7 |a obchod  |7 ph115513  |2 czenas 
650 0 7 |a oborová terminologie  |7 ph138998  |2 czenas 
650 0 7 |a mluvnice  |7 ph115331  |2 czenas 
653 0 |a jazyková úroveň A1  |a jazyková úroveň A2 
655 7 |a jazykové učebnice, texty, příručky (A)  |7 fd600889  |2 czenas 
830 0 |a Oxford business English 
910 |a BOA001  |b AK-0004.507 
990 |a BK 
991 |b 200911  |y British Council Brno - Czech Republic  |z 000048243  |x 99 
996 7 |b 261E005998  |c AK-0004.507  |l Anglická knihovna/2.patro  |r ZHR  |n 33  |h EB  |w 000999664  |u 000010  |a 0  |e BOA001  |j MZK50  |s A